000 01611nam a2200409Ia 4500
001 ebr10582547
003 CaPaEBR
006 m u
007 cr cn|||||||||
008 120228s2012 dcuab sb 001 0 eng d
010 _z 2012001573
020 _z1610911709 (cloth : alk. paper)
020 _z1610911717 (pbk. : alk. paper)
020 _z9781597262194
020 _z9781610911702 (cloth : alk. paper)
020 _z9781610911719 (pbk. : alk. paper)
020 _z9781610912037
040 _aCaPaEBR
_cCaPaEBR
035 _a(OCoLC)794002143
050 1 4 _aQH75
_b.C56 2012eb
082 0 4 _a333.95/16
_223
245 0 0 _aClimate and conservation
_h[electronic resource] :
_blandscape and seascape science, planning, and action /
_cedited by Jodi A. Hilty, Charles C. Chester, and Molly S. Cross.
260 _aWashington, DC :
_bIsland Press,
_cc2012.
300 _axviii, 373 p. :
_bill., maps.
504 _aIncludes bibliographical references and index.
533 _aElectronic reproduction.
_bPalo Alto, Calif. :
_cebrary,
_d2011.
_nAvailable via World Wide Web.
_nAccess may be limited to ebrary affiliated libraries.
650 0 _aBiodiversity conservation.
650 0 _aClimate change mitigation.
650 0 _aEndangered ecosystems.
650 0 _aEcosystem management.
655 7 _aElectronic books.
_2local
700 1 _aHilty, Jodi A.
700 1 _aChester, Charles C.
700 1 _aCross, Molly S.
710 2 _aebrary, Inc.
856 4 0 _uhttp://site.ebrary.com/lib/rucke/Doc?id=10582547
_zAn electronic book accessible through the World Wide Web; click to view
999 _c83308
_d83308